Quizzes
Events
Quiz Creation
Community
Videos
Private Events
Remove Ads
Sign In
Join for FREE
Feedback
Dark Mode
Quiz Categories
Sports
Geography
Music
Movies
Television
Just For Fun
Miscellaneous
History
Literature
Language
Science
Gaming
Entertainment
Religion
Holiday
For Kids
Quiz Lab
Recent
Popular Today
Quiz Kudos Today
Editor Picks
Curator Picks
Quizzes by...
Day
Popularity
Type
Ratings
Length
Year
Community
Subscriptions
Recent Discussions
Orange Saloon
Badges
Playlists
Quests
Create
Leaderboards
Showdown
Live 5
Trivia Bingo
Activity
Puzzle Library
Sporcle Events
Private Events
Virtual Trivia
Globe League
Become a Host
Pub Owners
SporcleCon
Opinionation
Our Games
Videos
Blog
Mobile Apps
Partnerships
Remove Ads and Go Orange
Feedback
Music
Pop Music
The Beatles
Song
Album
Lyrics
Bands
Singers
Artist
Clip
Rock
Rap
Classical
Billboard
Country Music
Kpop
Taylor Swift
Music
Pop Music
The Beatles
Song
Album
Lyrics
Bands
Singers
Artist
Clip
Rock
Rap
Classical
Billboard
Country Music
Kpop
Taylor Swift
Random Quiz
Search Sporcle
×
Quiz Lab
Quiz Lab
Music
Lyrics
Type in answers that appear in a list
Type in answers that appear in a list
Classic
Best Score? Go Orange.
RHCP: Here's the lyric name the song Stats
Can you name the RHCP: Here's the lyric name the song?
By
sharpie_27
15m
18 Questions
358 Plays
358 Plays
358 Plays
Comments
Comments
Give Quiz Kudos
Give Quiz Kudos
-
- Ratings
hide this ad
More Info
Replay
Link that replays current quiz
Next Quiz
Link to next quiz in quiz playlist
You Got
0%
They Got
Avg Score
53%
Avg Friend Score
Upgrade to see
Score Distribution
Jump to the score distribution portion of the page
Score
0/18
Timer
15:00
0
Plays Today
Lyric
Song
% Correct
'With birds I'll share this lonely view .'
Scar Tissue
92.1%
'She sees my good deeds, and she kisses me windy.'
Under the Bridge
91.9%
'And in this perfect weather we'll find a place together.'
The Zephyr Song
79.8%
'I like pleasure spiked with pain...'
Aeroplane
77%
'The ashtray's full and I'm spillin' my guts.'
The Otherside
72.5%
'Tugboat Sheila is into memorabilia, who said three is a crowd.'
Adventures of Rain Dance Maggie
62.4%
'And when the drurmmer drums he's gonna play my song to carrry me along.'
Brendan's Death Song
60.4%
'I'll move you like a baritone, Jungle Brothers on the microphone.'
Tell Me Baby
58.7%
'Get up and jump, get up and jump, get up, get up, get up and jump.'
Get up and Jump
55.9%
Lyric
Song
% Correct
'Double chins and bowling pins...'
Especially in Michigan
47.2%
'We were the two, our lives rearranged.'
Breaking the Girl
47.2%
'Pistol and its pawn, sail it through the lexicon.'
Save the Population
39.9%
'I caught you out there in the frey.'
This is the Place
37.4%
'Hot as Hades, early eighties, sing another song and make me feel like I'm in love again.'
Strip my Mind
36.2%
'Let my band step inside, take you on a cosmic ride.'
Subway to Venus
27.5%
'My talking dolphin spoke to me, he spoke to me in symphony.'
Behind the Sun
26.4%
'Her ruby fruit jungle givin' bush baby bush baby birth.'
Jungle Man
26.1%
'I never met an animal I didn't like, you can come to me I won't bite.'
Naked in the Rain
25.8%
Quiz Playlist
Details
Report
Send in Message
Add To Playlist
More Info:
- Identify the song the Kiedisian lyric is from. - Correct answers will appear. - Not all songs are singles.
Classic:
Type in answers that appear in a list
Last Updated: Feb 24, 2017
Quiz Scoreboard
CHALLENGE
Sign Up to Join the Scoreboard
Show All
Scores
Hide
Comments
May contain spoilers
Recently Published
Presidents Visiting Landmarks
by Hejman
History
7m
An Introduction to Baseball
by treessimontrees
Sports
5m
Movies - When Are They Set?
by FPL_Elf
Movies
5m
More to Explore
Quiz From the Vault
Featured Blog Post
Where Did the Easter Bunny Come From?
hide this ad
You Might Also Like...
Tags
Lyrics Quiz
Song Quiz
Red Hot Chili Peppers
rhcp
Today's Top Quizzes in Music
Browse Music
hide this ad
Today's Top Quizzes in Lyrics
Browse Lyrics
Top Contributed Quizzes in Music
1
Taylor Swift All Songs (2024)
2
Guess the Artist- 70s Songs
3
7-to-1: Billboard Hot 100 #1 Hits of 2010s
4
Sorting Albums and Songs
5
Taylor Swift Logic Puzzle
6
One Thing in Common: Music
7
2010s Album by Cover III
8
KPOP LOGIC QUIZ
9
Guess the Taylor Swift song (Mystery Song)
10
Guess the Artist- 80s Songs
Explore More
Trending Topics
Harry Potter
Marvel
Crossword
NBA
Kpop
Disney
Anime
Country
Puzzle
WWE
Song
The Office
NFL
Pokémon
Soccer
hide this ad
More By:
sharpie_27
Quiz
Plays
Rating
Category
Featured
Created
Top 15 NBA Rookie Seasons
4,019
3.25
Sports
May 17, 2012
Sons of Anarchy Name Chain
2,400
4.00
Television
Feb 13, 2014
RHCP: Here's the lyric name the song
358
5.00
Music
Jun 6, 2012
NHL 2013-14 60 Point Players
343
4.67
Sports
Apr 16, 2014
NHL Top 50 Leading Scorers of 2005-06
176
4.00
Sports
May 8, 2012
Go to Creator's Profile
Score Distribution
Quiz Creator Spotlight
sharpie_27
Follow
Send a Message
Quizzes Created
-
Created Quiz Play Count
-
More By This Creator
Popular Quizzes Today
1
Find the US States - No Outlines Minefield
2
Find the Countries of Europe - No Outlines Minefield
3
The Countries of the World
4
Find the US States
5
Popular People in 1961
6
US States
7
Risky Map Clicking: Biggest States A-Z
8
Movies - When Are They Set?
More Music Quizzes
Lyrics: 'Girlfriend In a Coma' - The Smiths
Editor's Pick
Trending Quizzes
Risky Map Clicking: Least Populous States A-Z
1-10 Letter G Words
1-10 Letter F Words
Risky Map Clicking: Next State Alphabetically
Risky Map Clicking: Biggest States A-Z
Recently Updated
Leaping Animals
pecheneg
Reality TV Shows (A-Z)
bhenderson79
Rickey Henderson's Hall of Fame Teammates
pecheneg
Champions League XIs: Arsenal
pecheneg
Quick Pick: Celebrities in WWE's Hall of Fame
aduchscher
A-Z Keypad Blitz II
pecheneg
Multiple Oscar Actors
pecheneg
Mystery Phrase Blitz: Oscar 'Best Actors'
pecheneg
F. Scott Fitzgerald Novels
LTH
Pick 3 Villains
ddd62291
Trending Topics
Harry Potter
Anime
NBA
Marvel
Kpop
Crossword
Disney
Pokémon
Country
WWE
Soccer
Puzzle
NFL
Song
The Office
Your Account Isn't Verified!
In order to create a playlist on Sporcle, you need to verify the email address you used during registration. Go to your
Sporcle Settings
to finish the process.
Report this User
Report this user for behavior that violates our
Community Guidelines
.
Details:
Send Report
Go to the Sporcle.com Mobile Site →
Comments